| 000 | 01218nam1a2200313 4500 | ||
|---|---|---|---|
| 001 | RU\NLR\ONL2\7517 | ||
| 005 | 20250807185151.0 | ||
| 035 | _a(NLR Aleph) 009655106 | ||
| 090 |
_a83922 _c83922 |
||
| 100 | _a20250807 rusy50 | ||
| 101 | 0 | _aaze | |
| 102 | _aAZ | ||
| 105 | _ay ||||||||| | ||
| 200 | 1 |
_aФизика тәлиминдә hәрби техника елементләри _fА. Г. Абасзадә, доц. физика-риjазиjjт елм. нам. _gАзәрб. ССР ХМК Дѳвләт Елми-Тәдгигат мәктәбләр ин-ту |
|
| 210 |
_aБакы _cАзәрнәшр _d1942-1944 |
||
| 215 | _d21 | ||
| 541 | 1 |
_aЭлементы военной техники в преподавании физики _zrus |
|
| 606 | 0 |
_aФизика _xПреподавание _2nlr-sh2 _2nlr-sh1 _3RU\NLR\auth\66745021 |
|
| 689 | 1 | _aЧ426.51 | |
| 700 | 1 |
_aАбасзадә _bА. Г. _gАзәр Г. _4070 |
|
| 801 | 0 |
_aRU _bNLR _c20071107 _gPSBO |
|
| 852 |
_aNLR _jАзерб./3-1830 |
||
| 852 |
_aNLR _bОНЛ |
||
| 942 | _cBOOK | ||
| 945 | _aРоссийская национальная библиотека | ||
| 980 | _aBV | ||
| 980 | _aONL_RF | ||